Bosquejo histórico de la ciudad de Écija formado desde sus primitivos tiempos hasta la época contemporánea / (Record no. 149410)

MARC details
000 -LEADER
campo de control de longitud fija 00682nam a2200205 i 4500
001 - NÚMERO DE CONTROL
campo de control 149410
003 - IDENTIFICADOR DE NÚMERO DE CONTROL
campo de control ES-MaACL
005 - FECHA Y HORA DE LA ÚLTIMA TRANSACCIÓN
campo de control 20230906203106.0
007 - CAMPO FIJO DE DESCRIPCIÓN FÍSICA--INFORMACIÓN GENERAL
campo de control de longitud fija t|
008 - DATOS DE LONGITUD FIJA--INFORMACIÓN GENERAL
campo de control de longitud fija 071022s1906 sp ||||1| spa d
080 ## - NÚMERO DE LA CLASIFICACIÓN DECIMAL UNIVERSAL
Número de la Clasificación Decimal Universal 94(460.353 Écija)
100 1# - ENTRADA PRINCIPAL--NOMBRE DE PERSONA
Nombre de persona Varela y Escobar, Manuel.
9 (RLIN) 113175
245 10 - MENCIÓN DEL TÍTULO
Título Bosquejo histórico de la ciudad de Écija formado desde sus primitivos tiempos hasta la época contemporánea /
Mención de responsabilidad, etc. Manuel Varela y Escobar.
246 34 - FORMA VARIANTE DEL TITULO
Título propio/Titulo breve Proezas astigitanas.
250 ## - MENCION DE EDICION
Mención de edición Última ed.
260 ## - PUBLICACIÓN, DISTRIBUCIÓN, ETC.
Lugar de publicación, distribución, etc. Sevilla :
Nombre del editor, distribuidor, etc. [s.n.],
Fecha de publicación, distribución, etc. 1906 (
Fabricante Francisco de P. Díaz)
300 ## - DESCRIPCIÓN FÍSICA
Extensión 175 p. ;
Dimensiones 18 cm.
651 #4 - PUNTO DE ACCESO ADICIONAL DE MATERIA--NOMBRE GEOGRÁFICO
Nombre geográfico Ecija-
Subdivisión general Historia.
9 (RLIN) 151818
852 4# - LOCALIZACIÓN
Ubicación ES-MaACL
Número de control de estantería T-1077-F-2
Holdings
Estatus retirado Estado de pérdida Estado de daño No para préstamo Colección Biblioteca de origen Biblioteca actual Ubicación en estantería Fecha de adquisición Fuente de adquisición Total de préstamos Signatura topográfica completa Código de barras Visto por última vez Precio de reemplazo Tipo de ítem Koha
        Colección de folletos Biblioteca del Ateneo de Madrid Biblioteca del Ateneo de Madrid Depósito folletos 17/01/2008     T-1077-F-2 1155912 23/02/2023 23/02/2023 Folleto